|
|
|
|
| LEADER |
00000nab a2200000 a 4500 |
| 001 |
vtls000553682 |
| 003 |
SK-MaSNL |
| 005 |
20260304212555.0 |
| 008 |
140617c xo 0 slo |
| 015 |
|
|
|a SNBRB19rr/mm-uuuuu
|
| 035 |
|
|
|a CL0553820
|
| 040 |
|
|
|a SNKBUCL
|b slo
|c SNKBUCL
|e AACR2
|
| 041 |
0 |
|
|a slo
|
| 044 |
|
|
|a xo
|c SK
|
| 080 |
|
|
|a 213
|2 1981
|
| 100 |
1 |
|
|a Gábriš, Karol,
|d 1919-1998
|4 aut
|9 164199
|
| 245 |
1 |
0 |
|a Cesta vývoja k slobodnej radosti
|b Pohľad teológa na zmysel evolúcie: komentár k eseji L. Kováča
|c Karol Gábriš
|
| 650 |
0 |
7 |
|a svet (náboženstvo)
|2 snkbucl
|9 69680
|
| 650 |
0 |
7 |
|a človek
|2 snkbucl
|9 16150
|
| 650 |
0 |
7 |
|a evolúcia
|2 snkbucl
|9 314165
|
| 655 |
|
7 |
|a články z novín a časopisov
|2 snkbucl
|9 267496
|
| 773 |
0 |
|
|t Tvorba T
|g Roč. 5 (14), č. 6 (1995), s. 7-9
|
| 850 |
|
|
|a Slovenská národná knižnica v Martine
|a MTA001
|
| 852 |
|
|
|a SNK
|b KIS3GCP
|
| 958 |
|
|
|a RK
|
| 992 |
|
|
|a RBX
|
| 999 |
|
|
|c 3132011
|d 3133941
|